<?xml version="1.0" encoding="UTF-8"?>
<collection xmlns="http://www.loc.gov/MARC21/slim">
 <record>
  <leader>03832cam a2200649   4500</leader>
  <controlfield tag="001">1618396773</controlfield>
  <controlfield tag="003">DE-627</controlfield>
  <controlfield tag="005">20240919175113.0</controlfield>
  <controlfield tag="007">tu</controlfield>
  <controlfield tag="008">090310s2009    xx ||||| c    00| ||ger c</controlfield>
  <datafield tag="015" ind1=" " ind2=" ">
   <subfield code="a">09,N01,2006</subfield>
   <subfield code="2">dnb</subfield>
  </datafield>
  <datafield tag="016" ind1="7" ind2=" ">
   <subfield code="a">99162842X</subfield>
   <subfield code="2">DE-101</subfield>
  </datafield>
  <datafield tag="020" ind1=" " ind2=" ">
   <subfield code="a">9783858812391</subfield>
   <subfield code="c">Gb. : ca. EUR 50.37 (AT) (freier Pr.), ca. sfr 69.00 (freier Pr.), ca. EUR 49.00</subfield>
   <subfield code="9">978-3-85881-239-1</subfield>
  </datafield>
  <datafield tag="024" ind1="3" ind2=" ">
   <subfield code="a">9783858812391</subfield>
  </datafield>
  <datafield tag="035" ind1=" " ind2=" ">
   <subfield code="a">(DE-627)1618396773</subfield>
  </datafield>
  <datafield tag="035" ind1=" " ind2=" ">
   <subfield code="a">(DE-576)303964405</subfield>
  </datafield>
  <datafield tag="035" ind1=" " ind2=" ">
   <subfield code="a">(DE-599)DNB99162842X</subfield>
  </datafield>
  <datafield tag="035" ind1=" " ind2=" ">
   <subfield code="a">(OCoLC)612207795</subfield>
  </datafield>
  <datafield tag="035" ind1=" " ind2=" ">
   <subfield code="a">(OCoLC)1078730602</subfield>
  </datafield>
  <datafield tag="040" ind1=" " ind2=" ">
   <subfield code="a">DE-627</subfield>
   <subfield code="b">ger</subfield>
   <subfield code="c">DE-627</subfield>
   <subfield code="e">rakwb</subfield>
  </datafield>
  <datafield tag="041" ind1=" " ind2=" ">
   <subfield code="a">ger</subfield>
   <subfield code="a">eng</subfield>
  </datafield>
  <datafield tag="082" ind1="0" ind2="4">
   <subfield code="a">700</subfield>
  </datafield>
  <datafield tag="084" ind1=" " ind2=" ">
   <subfield code="a">9,10</subfield>
   <subfield code="2">ssgn</subfield>
  </datafield>
  <datafield tag="084" ind1=" " ind2=" ">
   <subfield code="a">LI 63755</subfield>
   <subfield code="2">rvk</subfield>
   <subfield code="0">(DE-625)rvk/96753:</subfield>
  </datafield>
  <datafield tag="245" ind1="1" ind2="0">
   <subfield code="a">Hermann Obrist - Skulptur, Raum, Abstraktion um 1900, sculpture, space, abstraction around 1900</subfield>
   <subfield code="b">[eine Ausstellung und eine Publikation des Museum für Gestaltung Zürich und der Staatlichen Graphischen Sammlung München]</subfield>
   <subfield code="c">hrsg. von Museum Bellerive .... Eva Ahfus ...</subfield>
  </datafield>
  <datafield tag="246" ind1="1" ind2=" ">
   <subfield code="i">Ansetzungssachtitel</subfield>
   <subfield code="a">Hermann Obrist - Skulptur, Raum, Abstraktion um 1900</subfield>
  </datafield>
  <datafield tag="246" ind1="3" ind2="3">
   <subfield code="a">Hermann Obrist - sculpture, space, abstraction around 1900</subfield>
  </datafield>
  <datafield tag="264" ind1=" " ind2="1">
   <subfield code="a">Zürich</subfield>
   <subfield code="b">Scheidegger &amp; Spiess</subfield>
   <subfield code="c">2009</subfield>
  </datafield>
  <datafield tag="300" ind1=" " ind2=" ">
   <subfield code="a">247 S.</subfield>
   <subfield code="b">zahlr. Ill.</subfield>
   <subfield code="c">255 mm x 195 mm</subfield>
  </datafield>
  <datafield tag="336" ind1=" " ind2=" ">
   <subfield code="a">Text</subfield>
   <subfield code="b">txt</subfield>
   <subfield code="2">rdacontent</subfield>
  </datafield>
  <datafield tag="336" ind1=" " ind2=" ">
   <subfield code="a">unbewegtes Bild</subfield>
   <subfield code="b">sti</subfield>
   <subfield code="2">rdacontent</subfield>
  </datafield>
  <datafield tag="337" ind1=" " ind2=" ">
   <subfield code="a">ohne Hilfsmittel zu benutzen</subfield>
   <subfield code="b">n</subfield>
   <subfield code="2">rdamedia</subfield>
  </datafield>
  <datafield tag="338" ind1=" " ind2=" ">
   <subfield code="a">Band</subfield>
   <subfield code="b">nc</subfield>
   <subfield code="2">rdacarrier</subfield>
  </datafield>
  <datafield tag="500" ind1=" " ind2=" ">
   <subfield code="a">Ausstellungskatalog. – Text dt. u. engl</subfield>
  </datafield>
  <datafield tag="583" ind1="1" ind2=" ">
   <subfield code="a">Archivierung/Langzeitarchivierung gewährleistet</subfield>
   <subfield code="f">SSG</subfield>
   <subfield code="x">XA-DE-BW</subfield>
   <subfield code="2">pdager</subfield>
   <subfield code="5">DE-16</subfield>
  </datafield>
  <datafield tag="655" ind1=" " ind2="7">
   <subfield code="a">Ausstellungskatalog</subfield>
   <subfield code="y">2009</subfield>
   <subfield code="z">Zürich</subfield>
   <subfield code="0">(DE-588)4135467-9</subfield>
   <subfield code="0">(DE-627)10566491X</subfield>
   <subfield code="0">(DE-576)209660988</subfield>
   <subfield code="2">gnd-content</subfield>
  </datafield>
  <datafield tag="689" ind1="0" ind2="0">
   <subfield code="d">p</subfield>
   <subfield code="0">(DE-588)118735861</subfield>
   <subfield code="0">(DE-627)079516734</subfield>
   <subfield code="0">(DE-576)209374810</subfield>
   <subfield code="a">Obrist, Hermann</subfield>
   <subfield code="d">1863-1927</subfield>
   <subfield code="2">gnd</subfield>
  </datafield>
  <datafield tag="689" ind1="0" ind2="1">
   <subfield code="d">s</subfield>
   <subfield code="0">(DE-588)4046277-8</subfield>
   <subfield code="0">(DE-627)106198602</subfield>
   <subfield code="0">(DE-576)209068817</subfield>
   <subfield code="a">Plastik</subfield>
   <subfield code="2">gnd</subfield>
  </datafield>
  <datafield tag="689" ind1="0" ind2="2">
   <subfield code="a">z</subfield>
   <subfield code="2">gnd</subfield>
   <subfield code="a">Geschichte</subfield>
  </datafield>
  <datafield tag="689" ind1="0" ind2=" ">
   <subfield code="5">DE-101</subfield>
  </datafield>
  <datafield tag="700" ind1="1" ind2=" ">
   <subfield code="a">Obrist, Hermann</subfield>
   <subfield code="d">1863-1927</subfield>
   <subfield code="e">Ill.</subfield>
   <subfield code="0">(DE-588)118735861</subfield>
   <subfield code="0">(DE-627)079516734</subfield>
   <subfield code="0">(DE-576)209374810</subfield>
   <subfield code="4">ill</subfield>
  </datafield>
  <datafield tag="700" ind1="1" ind2=" ">
   <subfield code="a">Afuhs, Eva</subfield>
   <subfield code="d">1954-2011</subfield>
   <subfield code="e">Hrsg.</subfield>
   <subfield code="0">(DE-588)119039524</subfield>
   <subfield code="0">(DE-627)079828973</subfield>
   <subfield code="0">(DE-576)165605693</subfield>
   <subfield code="4">edt</subfield>
  </datafield>
  <datafield tag="710" ind1="2" ind2=" ">
   <subfield code="a">Museum Bellerive</subfield>
   <subfield code="0">(DE-588)2050025-7</subfield>
   <subfield code="0">(DE-627)103031979</subfield>
   <subfield code="0">(DE-576)191982563</subfield>
   <subfield code="4">oth</subfield>
  </datafield>
  <datafield tag="710" ind1="2" ind2=" ">
   <subfield code="a">Staatliche Graphische Sammlung München</subfield>
   <subfield code="0">(DE-588)2022332-8</subfield>
   <subfield code="0">(DE-627)102094977</subfield>
   <subfield code="0">(DE-576)191752657</subfield>
   <subfield code="4">oth</subfield>
  </datafield>
  <datafield tag="787" ind1="0" ind2="8">
   <subfield code="i">Rezension</subfield>
   <subfield code="a">Zuschlag, Christoph, 1964 - </subfield>
   <subfield code="t">Schriften von Christoph Zuschlag ; 80: Die Mehrfachbegabung Hermann Obrist</subfield>
   <subfield code="d">Heidelberg : Universitätsbibliothek Heidelberg, 2018</subfield>
   <subfield code="h">1 Online-Ressource</subfield>
   <subfield code="w">(DE-627)1577395743</subfield>
   <subfield code="w">(DE-576)507395743</subfield>
  </datafield>
  <datafield tag="787" ind1="0" ind2="8">
   <subfield code="i">Rezensiert in</subfield>
   <subfield code="a">Fischer, Ole W., 1974 - </subfield>
   <subfield code="t">[Rezension von: Eva Afuhs / Andreas Strobl (Hrsg.), Hermann Obrist. Skulptur, Raum, Abstraktion um 1900]</subfield>
   <subfield code="d">2011</subfield>
   <subfield code="w">(DE-627)1806956667</subfield>
  </datafield>
  <datafield tag="787" ind1="0" ind2="8">
   <subfield code="i">Rezensiert in</subfield>
   <subfield code="a">Zuschlag, Christoph, 1964 - </subfield>
   <subfield code="t">Die Mehrfachbegabung Hermann Obrist</subfield>
   <subfield code="d">2011</subfield>
   <subfield code="w">(DE-627)1903027926</subfield>
  </datafield>
  <datafield tag="856" ind1="4" ind2="2">
   <subfield code="u">http://bvbr.bib-bvb.de:8991/F?func=service&amp;doc_library=BVB01&amp;doc_number=017386130&amp;line_number=0001&amp;func_code=DB_RECORDS&amp;service_type=MEDIA</subfield>
   <subfield code="m">V:DE-604</subfield>
   <subfield code="q">application/pdf</subfield>
   <subfield code="3">Inhaltsverzeichnis</subfield>
  </datafield>
  <datafield tag="856" ind1="4" ind2="2">
   <subfield code="u">https://swbplus.bsz-bw.de/bsz303964405rez.htm</subfield>
   <subfield code="m">B:DE-576;DE-16</subfield>
   <subfield code="q">application/pdf</subfield>
   <subfield code="v">20111004115656</subfield>
   <subfield code="x">Verlag</subfield>
   <subfield code="3">Rezension</subfield>
  </datafield>
  <datafield tag="856" ind1="4" ind2="2">
   <subfield code="u">http://www.sehepunkte.de/2011/09/16531.html</subfield>
   <subfield code="m">V:DE-576;X:Sehepunkte</subfield>
   <subfield code="q">text/html</subfield>
   <subfield code="v">20180413100618</subfield>
   <subfield code="3">Rezension</subfield>
  </datafield>
  <datafield tag="936" ind1="r" ind2="v">
   <subfield code="a">LI 63755</subfield>
   <subfield code="b">Obrist, Hermann</subfield>
   <subfield code="k">Kunstgeschichte</subfield>
   <subfield code="k">Künstler-Monografien</subfield>
   <subfield code="k">Alphabetische Künstlerliste</subfield>
   <subfield code="k">Künstler O</subfield>
   <subfield code="k">Obrist, Hermann</subfield>
   <subfield code="0">(DE-627)1271136821</subfield>
   <subfield code="0">(DE-625)rvk/96753:</subfield>
   <subfield code="0">(DE-576)201136821</subfield>
  </datafield>
  <datafield tag="951" ind1=" " ind2=" ">
   <subfield code="a">BO</subfield>
  </datafield>
  <datafield tag="990" ind1=" " ind2=" ">
   <subfield code="a">Obrist, Hermann</subfield>
  </datafield>
  <datafield tag="990" ind1=" " ind2=" ">
   <subfield code="a">Plastik</subfield>
  </datafield>
  <datafield tag="990" ind1=" " ind2=" ">
   <subfield code="a">Geschichte</subfield>
  </datafield>
  <datafield tag="991" ind1=" " ind2=" ">
   <subfield code="a">Rezensiertes Werk</subfield>
  </datafield>
  <datafield tag="999" ind1=" " ind2=" ">
   <subfield code="a">KXP-PPN1618396773</subfield>
   <subfield code="e">4156900673</subfield>
  </datafield>
 </record>
</collection>
